| 000 | 00693nam a2200253Ia 4500 | ||
|---|---|---|---|
| 003 | OSt | ||
| 005 | 20220918192601.0 | ||
| 006 | a|||||r|||| 00| 0 | ||
| 007 | ta | ||
| 008 | 220917b |||||||| |||| 00| 0 eng d | ||
| 024 | _a69,174 | ||
| 037 | _cTextual | ||
| 040 |
_aARTS _cARTS _beng |
||
| 041 |
_2eng _aeng |
||
| 082 | _aQ4v2:D, L2 | ||
| 100 |
_aDavids T W Rhys _927436 |
||
| 245 | 0 |
_aIndian Buddhism _b lectures on the origin and growth of religion |
|
| 260 |
_aAllahabad _bRachna _c1972 |
||
| 300 |
_aviii,267p. _ccm. |
||
| 500 | _aAppendices 221-60p | ||
| 650 | _aRELIGION | ||
| 942 |
_hQ4v2:D, L2 _cTEXL _2CC |
||
| 999 |
_c195337 _d195337 |
||